TEXTBOOK OF MEDICINAL CHEMISTRY VOL-1 (Record no. 22280)
[ view plain ]
| 000 -LEADER | |
|---|---|
| fixed length control field | 00287nam a22001337a 4500 |
| 003 - CONTROL NUMBER IDENTIFIER | |
| control field | SGT |
| 082 ## - DEWEY DECIMAL CLASSIFICATION NUMBER | |
| Classification number | 615.19 |
| Item number | ALA |
| 100 ## - MAIN ENTRY--PERSONAL NAME | |
| Personal name | ALAGARSAMY, V. |
| 245 ## - TITLE STATEMENT | |
| Title | TEXTBOOK OF MEDICINAL CHEMISTRY VOL-1 |
| 250 ## - EDITION STATEMENT | |
| Edition statement | 3RD |
| 260 ## - PUBLICATION, DISTRIBUTION, ETC. (IMPRINT) | |
| Place of publication, distribution, etc | DELHI |
| Name of publisher, distributor, etc | CBS |
| Year of Publication | 2020 |
| 300 ## - PAGE DESCRIPTION | |
| No. of Pages | 614 |
| 942 ## - ADDED ENTRY ELEMENTS (KOHA) | |
| Source of classification or shelving scheme | Dewey Decimal Classification |
| Koha item type | Books |
| 942 ## - ADDED ENTRY ELEMENTS (KOHA) | |
| -- | 2 |
| Withdrawn status | Lost status | Source of classification or shelving scheme | Damaged status | Not for loan | Collection code | Home library | Current library | Date acquired | Vendor Name | Cost, normal purchase price | SGTU | Bill Number | Total Checkouts | Full call number | Accession No. (Barcode) | Date last seen | Bill Date | Koha item type | Date last borrowed | Shelving location |
|---|---|---|---|---|---|---|---|---|---|---|---|---|---|---|---|---|---|---|---|---|
| Dewey Decimal Classification | SCIENCE | SGT Science & Social Sciences Library | SGT Science & Social Sciences Library | 26/02/2022 | ABC | 595.00 | SGTU | 13687 | 615.19 ALA | PS6451 | 26/02/2022 | Books | ||||||||
| Dewey Decimal Classification | SCIENCE | SGT Science & Social Sciences Library | SGT Science & Social Sciences Library | 26/02/2022 | ABC | 595.00 | SGTU | 13687 | 1 | 615.19 ALA | PS6452 | 25/01/2025 | Books | 12/08/2024 | ||||||
| Dewey Decimal Classification | Not For Loan | SCIENCE | SGT Science & Social Sciences Library | SGT Science & Social Sciences Library | 26/02/2022 | ABC | 595.00 | SGTU | 13687 | 615.19 ALA | PS6453 | 26/02/2022 | Books | Reference Book | ||||||
| Dewey Decimal Classification | SCIENCE | SGT Science & Social Sciences Library | SGT Science & Social Sciences Library | 26/02/2022 | ABC | 595.00 | SGTU | 13687 | 1 | 615.19 ALA | PS6454 | 23/02/2023 | Books | 09/02/2023 | ||||||
| Dewey Decimal Classification | SCIENCE | SGT Science & Social Sciences Library | SGT Science & Social Sciences Library | 26/02/2022 | ABC | 595.00 | SGTU | 13687 | 615.19 ALA | PS6455 | 26/02/2022 | Books |